[Event "BCF-chT3 1314 (4NCL)"]
[Site "England"]
[Date "2014.05.05"]
[Round "11.61"]
[White "Hardy, Roger"]
[Black "Langham, Rod E"]
[Result "1-0"]
[WhiteElo "1952"]
[BlackElo "1787"]
[PlyCount "41"]
[EventDate "2013.11.16"]
[EventType "team-swiss"]
[EventRounds "11"]
[EventCountry "ENG"]
[SourceTitle "EXT 2015"]
[Source "ChessBase"]
[SourceDate "2014.11.20"]
[SourceVersion "1"]
[SourceVersionDate "2014.11.20"]
[SourceQuality "1"]
[WhiteTeam "Bristol II"]
[BlackTeam "Oxford III"]
[WhiteTeamCountry "ENG"]
[BlackTeamCountry "ENG"]

1. d4 d5 2. c4 e6 3. Nc3 Nf6 4. cxd5 exd5 5. Qc2 c6 6. Bg5 Be7 7. e3 Nbd7 8. Bd3 h6 9. Bh4 Nf8 10. Nge2 Bg4 11. f3 Bh5 12. Bxf6 Bxf6 13. Nf4 Bg6 14. Nxg6 fxg6 15. Bxg6+ Nxg6 16. Qxg6+ Kf8 17. 0-0 Qe7 18. Qd3 Qb4 19. a3 Qd6 20. e4 dxe4 21. fxe4 1-0

[Event "Sunningdale e2e4 U1800 op 04"]
[Site "Sunningdale"]
[Date "2014.04.18"]
[Round "2"]
[White "Langham, Rod E"]
[Black "Winter, Malcolm J"]
[Result "1-0"]
[WhiteElo "1787"]
[BlackElo "1542"]
[PlyCount "95"]
[EventDate "2014.04.17"]
[EventType "swiss"]
[EventRounds "7"]
[EventCountry "ENG"]
[SourceTitle "EXT 2015"]
[Source "ChessBase"]
[SourceDate "2014.11.20"]
[SourceVersion "1"]
[SourceVersionDate "2014.11.20"]
[SourceQuality "1"]

1. d4 Nf6 2. Nf3 d5 3. Bf4 Nbd7 4. e3 Nh5 5. Bg5 h6 6. Bh4 Nhf6 7. h3 e6 8. Bg3 c5 9. c3 Qb6 10. Qc1 Ne4 11. Bh2 Bd6 12. Bxd6 Nxd6 13. Bd3 0-0 14. Nbd2 Qc7 15. 0-0 b5 16. e4 Bb7 17. e5 Nc4 18. Re1 Rfc8 19. b3 Nxd2 20. Qxd2 a6 21. Rac1 Qa5 22. Bb1 Rc6 23. Qd3 Nf8 24. dxc5 Qd8 25. b4 Rac8 26. Nd4 R6c7 27. Qg3 Bc6 28. Re3 a5 29. a3 axb4 30. axb4 Ra8 31. Bd3 Qd7 32. f4 Rca7 33. Qe1 Qe8 34. Qf1 Rb7 35. Ra1 Ra4 36. Bc2 Raa7 37. Ree1 Qd7 38. Rxa7 Rxa7 39. Ra1 Rxa1 40. Qxa1 Ng6 41. Bxg6 fxg6 42. Qa6 Bb7 43. Qxe6+ Qxe6 44. Nxe6 Bc8 45. Nd4 Bd7 46. e6 Bc8 47. Nxb5 Kf8 48. Nd6 1-0

[Event "BCF-chT3 1011 (4NCL)"]
[Site "England"]
[Date "2011.02.20"]
[Round "6.48"]
[White "Woolgar, Stephen"]
[Black "Langham, Rod E"]
[Result "1/2-1/2"]
[WhiteElo "1730"]
[BlackElo "1802"]
[PlyCount "30"]
[EventDate "2010.11.06"]
[EventType "team-swiss"]
[EventRounds "9"]
[EventCountry "ENG"]
[SourceTitle "EXT 2012"]
[Source "ChessBase"]
[SourceDate "2011.11.24"]
[SourceVersion "1"]
[SourceVersionDate "2011.11.24"]
[SourceQuality "1"]
[WhiteTeam "Bristol III"]
[BlackTeam "Oxford III"]
[WhiteTeamCountry "ENG"]
[BlackTeamCountry "ENG"]

1. c4 e6 2. Nc3 f5 3. d4 Nf6 4. Nf3 d6 5. e3 Be7 6. Bd3 0-0 7. 0-0 Qe8 8. e4 fxe4 9. Nxe4 Nxe4 10. Bxe4 Bf6 11. Bg5 Nd7 12. Qd2 Bxg5 13. Qxg5 Nf6 14. Rfe1 Qh5 15. Qxh5 Nxh5 1/2-1/2

[Event "BCF-chT3 0910 (4NCL)"]
[Site "England"]
[Date "2010.01.16"]
[Round "3.3"]
[White "Langham, Rod E"]
[Black "Jones, Chris"]
[Result "1/2-1/2"]
[WhiteElo "1786"]
[BlackElo "2070"]
[PlyCount "58"]
[EventDate "2009.10.24"]
[EventType "team-tourn"]
[EventRounds "11"]
[EventCountry "ENG"]
[SourceTitle "EXT 2011"]
[Source "ChessBase"]
[SourceDate "2010.11.26"]
[SourceVersion "1"]
[SourceVersionDate "2010.11.26"]
[SourceQuality "1"]
[WhiteTeam "Oxford III"]
[BlackTeam "Sussex Smart Controls"]
[WhiteTeamCountry "ENG"]
[BlackTeamCountry "ENG"]

1. d4 d6 2. e3 f5 3. f4 Nf6 4. Nd2 e6 5. Bd3 Be7 6. Nh3 0-0 7. 0-0 d5 8. Nf3 Qe8 9. Ne5 Nc6 10. c3 Nxe5 11. fxe5 Ne4 12. Bd2 c6 13. Qe2 Bd7 14. Bxe4 dxe4 15. Nf4 g5 16. Nh3 Qg6 17. Rf2 Rf7 18. Raf1 Raf8 19. Kh1 h5 20. Qd1 c5 21. Qb3 cxd4 22. cxd4 Bc6 23. Kg1 Bd5 24. Qa4 a6 25. a3 Qh6 26. Rc1 h4 27. Qd1 Rg7 28. Rf1 Rgf7 29. Qe2 Rg7 1/2-1/2

[Event "BCF-chT3 0910 (4NCL)"]
[Site "England"]
[Date "2009.10.25"]
[Round "2.5"]
[White "Blackburn, Suzie G"]
[Black "Langham, Rod E"]
[Result "1-0"]
[WhiteElo "1912"]
[BlackElo "1786"]
[PlyCount "57"]
[EventDate "2009.10.24"]
[EventType "team-tourn"]
[EventRounds "11"]
[EventCountry "ENG"]
[SourceTitle "EXT 2011"]
[Source "ChessBase"]
[SourceDate "2010.11.26"]
[SourceVersion "1"]
[SourceVersionDate "2010.11.26"]
[SourceQuality "1"]
[WhiteTeam "Rhyfelwyr Essyllwg"]
[BlackTeam "Oxford III"]
[WhiteTeamCountry "ENG"]
[BlackTeamCountry "ENG"]

1. d4 d5 2. Nf3 Nf6 3. Bg5 e6 4. e3 Nbd7 5. Nbd2 c6 6. c3 Qb6 7. Qc2 Bd6 8. Bd3 h6 9. Bh4 Ng4 10. e4 Bf4 11. e5 g5 12. Bg3 h5 13. Bxf4 gxf4 14. h3 Nh6 15. Ng5 Nf8 16. Ndf3 Bd7 17. Qd2 0-0-0 18. b4 Ng6 19. Nxf7 Nxf7 20. Bxg6 Rdf8 21. Qxf4 Qd8 22. Bxf7 Qe7 23. Ng5 Rhg8 24. h4 Kc7 25. Qf6 Qxf6 26. exf6 Rxg5 27. hxg5 Rxf7 28. Rxh5 Be8 29. Rh8 1-0